Harry Potter Prisoner of Azkaban Characters Quiz Stats

 Plays Quiz Updated Apr 26, 2020

     
Support Sporcle.
Go Orange.
Score 0/92 Timer 15:00
0 Plays Today
Mentions Character % Correct
2,015Harry Potter
99.6%
808Ron Weasley
99%
686Hermione Granger
98.4%
437Sirius Black
96.8%
163Albus Dumbledore
96.5%
83Fred Weasley
95.5%
67George Weasley
95.5%
18Ginny Weasley
95%
265Severus Snape
94.4%
32Molly Weasley
93.7%
431Remus Lupin
93.7%
54Arthur Weasley
93.3%
70Percy Weasley
93.1%
50James Potter
92.1%
4Bill Weasley
91.9%
179Draco Malfoy
91.8%
1Charlie Weasley
91.5%
17Lily Potter
91.2%
263Rubeus Hagrid
91%
266Peter Pettigrew
89.9%
116Minerva McGonagall
88.9%
6Lucius Malfoy
88.5%
113Neville Longbottom
84.1%
1Bilius Weasley
81.5%
38Gregory Goyle
81.3%
75Voldemort
81.2%
38Vincent Crabbe
80.9%
111Cornelius Fudge
80.8%
29Dudley Dursley
79.8%
33Petunia Dursley
79.5%
22Filius Flitwick
79%
Mentions Character % Correct
18Seamus Finnigan
78.2%
17Dean Thomas
77.2%
77Vernon Dursley
75.4%
99Buckbeak
74.5%
34Hedwig
74.5%
2Pomona Sprout
74.4%
65Aunt Marge
73.8%
88Oliver Wood
73.3%
93Sybill Trelawney
73.2%
17Katie Bell
72.4%
19Parvati Patil
71.8%
104Crookshanks
70.1%
20Angelina Johnson
69.3%
28Lavender Brown
67.9%
15Cho Chang
67.4%
23Argus Filch
63.7%
2Nearly Headless Nick
62.2%
41Madam Pomfrey
62.2%
5Pansy Parkinson
60.9%
17Alicia Spinnet
60.8%
15Tom
60.4%
7Fang
59.8%
52Stan Shunpike
59.5%
11Cedric Diggory
58.9%
1Ernie Macmillan
58.9%
32Ernie Prang
57.4%
21Peeves
55.6%
2Mrs. Norris
55.3%
13Fat Lady
54%
15Lee Jordan
53.9%
3Colin Creevey
53.9%
Mentions Character % Correct
2Cuthbert Binns
53.2%
23Madam Rosmerta
50.9%
22Madam Hooch
50.9%
1Hannah Abbott
49.6%
15Marcus Flint
49%
14Errol
45.7%
17Walden Macnair
40.7%
16Sir Cadogan
37.9%
2Norbert
36.4%
2Madam Malkin
34.6%
1Septima Vector
34.4%
5Trevor
33.3%
5Florean Fortescue
32.8%
9Penelope Clearwater
32.7%
1Hermes
30.7%
4Montague
28.9%
1Roger Davies
28%
1Bathilda Bagshot
25.1%
4Warrington
24.9%
8Ripper
23.6%
2Silvanus Kettleburn
18.6%
3Colonel Fubster
17.5%
8Bole
17%
3Madam Marsh
16.7%
5Derrick
16.1%
4Binky
16.1%
2Wendelin the Weird
14.6%
1Derek
14.5%
1Cassandra Vablatsky
13.3%
1Davey Gudgeon
13.3%

From the Vault

Find the Grey Things (Blitz)

by Rackie

Even when things are gray, there's never a dull moment.
Remove Ads.
Support Sporcle.
Get the best of Sporcle when you Go Orange. This ad-free experience offers more features, more stats, and more fun while also helping to support Sporcle. Thank you for becoming a member.

Show Comments

Extras

Top Quizzes Today


Score Distribution

Your Account Isn't Verified!

In order to create a playlist on Sporcle, you need to verify the email address you used during registration. Go to your Sporcle Settings to finish the process.

Report this User

Report this user for behavior that violates our Community Guidelines.

Details: